ระบบห้องสมุดอัตโนมัติ ULibM
วิทยาลัยพยาบาลบรมราชชนนี พระพุทธบาท
เปลี่ยนเป็นภาษาไทย

Change to English
 แสดงรายละเอียดบรรณานุกรม
  กลับหน้าหลัก

Brief Record : Get Marc (ISO 2709) : E-mail record : QR code ปิดหน้าต่าง
E-books : เกี่ยวกับ Collections
LEADER 00000nas 2200000uu 4500
001    13399122371
003     ULIBM
008    121112s2012 th a 000 0 tha d
022    0279442
100    Thomas Ahrens
245    Critical care nurse
260     ^bThe Innovition Group,^c2012
310    ^aรายสองเดือน
850    ^aNo.2;No.3;No.1;No.6;Number 4;Number 5;Vol.25, No.3;Vol.25, No.4;Vol.26, No.1
945    ^p0^l0^i0000165
945    ^p0^l0^i0000164
945    ^p0^l0^i0000166
945    ^p0^l0^i0000270
945    ^p0^l0^i0000272
999    ^aบุปผา ศิลปศร
รายการนี้ยังไม่มีแท็ก
คุณยังไม่ได้ล็อกอิน คุณสามารถมีกิจกรรมร่วมกับเว็บไซต์ได้ แต่ต้องล็อกอินก่อน ::
  ล็อกอิน
ดูแบบ: กล่อง รายการ
ARRIVED
Vol.25, No.4 (2556-12-0)
สถานที่: วิทยาลัยพยาบาลบรมราชชนนี พระพุทธบาท >วารสาร
ARRIVED
No.6 (2555-12-0)
สถานที่: วิทยาลัยพยาบาลบรมราชชนนี พระพุทธบาท >วารสาร
ARRIVED
Number 5 (2555-10-0)
สถานที่: วิทยาลัยพยาบาลบรมราชชนนี พระพุทธบาท >หนังสือทั่วไป
ARRIVED
No.2 (2555-4-0)
สถานที่: วิทยาลัยพยาบาลบรมราชชนนี พระพุทธบาท >วารสาร
ARRIVED
No.1 (2555-2-0)
สถานที่: วิทยาลัยพยาบาลบรมราชชนนี พระพุทธบาท >วารสาร
ARRIVED
No.3 (2554-6-0)
สถานที่: วิทยาลัยพยาบาลบรมราชชนนี พระพุทธบาท >วารสาร
ARRIVED
Number 4
สถานที่: วิทยาลัยพยาบาลบรมราชชนนี พระพุทธบาท >หนังสือทั่วไป
ARRIVED
Vol.26, No.1
สถานที่: วิทยาลัยพยาบาลบรมราชชนนี พระพุทธบาท >วารสาร
ARRIVED
Vol.25, No.3
สถานที่: วิทยาลัยพยาบาลบรมราชชนนี พระพุทธบาท >วารสาร
   [แสดง 9/9 รายการ]
Bib 13399122371